| 000 | 00452nam a22001457a 4500 | ||
|---|---|---|---|
| 999 |
_c529854 _d529854 |
||
| 008 | 250509b ||||| |||| 00| 0 eng d | ||
| 100 |
_aGuy, Sam _952965 |
||
| 245 | _aInfrastructure: New trajectories in law | ||
| 260 | _aSocial & Legal Studies | ||
| 300 | _a34(1), Feb, 2025: p.130-133 | ||
| 520 | _ahttps://journals.sagepub.com/doi/abs/10.1177/09646639241248146 | ||
| 773 | _aSocial & Legal Studies | ||
| 906 | _aBOOK REVIEW | ||
| 942 | _cAR | ||